[Event "It"]
[Site "Klaksvik FAI"]
[Date "2006.11.07"]
[Round "5"]
[White "Hermansson,E"]
[Black "Simonsen,H"]
[Result "1/2-1/2"]
[WhiteElo "2454"]
[BlackElo "2262"]

1.e4 e6 2.d4 d5 3.Nc3 Nf6 4.e5 Nfd7 5.f4 c5 6.Nf3 Nc6 7.Be3 a6 8.Qd2 b5 9.a3 Qb6
10.Ne2 Be7 11.dxc5 Bxc5 12.Ned4 Nxd4 13.Nxd4 Qc7 14.Bd3 Nb6 15.b4 Be7 16.O-O Nc4
17.Qc3 O-O 18.Rae1 f5 19.g4 fxg4 20.f5 exf5 21.Nxf5 Bxf5 22.Bxf5 Kh8 23.Bd4 Bh4
24.Re2 Rae8 25.Rg2 Bd8 26.e6 Bf6 27.Rxg4 Bxd4+ 28.Qxd4 Qe5 29.Qxe5 Nxe5 30.Rd4 g6
31.Rxd5 Nc4 32.Bd3 Rxf1+ 33.Bxf1 Nxa3 34.Rd6 Nxc2 35.Rxa6 Nxb4 36.Rd6 Kg7
37.Bxb5 Re7 38.Rd4 Nc2 39.Re4 Kf6 40.Bc4 Nb4 41.Kf2 Nc6 42.Ke3 g5 43.h4 h6
44.Bd5 Nd8 45.Kf3 Nxe6 46.Bxe6 Rxe6 47.hxg5+ hxg5 48.Rxe6+ Kxe6 49.Kg4 Kd5
50.Kxg5  1/2-1/2

[Event "Petersburg Autumn"]
[Site "St Petersburg RUS"]
[Date "2006.11.08"]
[Round "9"]
[White "Bogdanov,An"]
[Black "Rodkin,F"]
[Result "0-1"]
[WhiteElo "2093"]
[BlackElo "2171"]

1.e4 e6 2.d4 d5 3.Nc3 Nf6 4.e5 Nfd7 5.f4 c5 6.Nf3 Nc6 7.Be3 cxd4 8.Nxd4 Qb6
9.Qd2 Qxb2 10.Rb1 Qa3 11.Bb5 Nxd4 12.Bxd4 Bb4 13.O-O O-O 14.f5 exf5 15.Rb3 Qa5
16.Bxd7 Bxd7 17.Rfb1 Be7 18.Rxb7 Rfd8 19.Ne4 Qxd2 20.Nxd2 Bf8 21.Bxa7 Rxa7
22.Rxa7 Bc5+ 23.Kf1 Bxa7 24.Rb7 Bb8 25.Nf3 Ba4 26.c3 Bd1 27.Nd4 Ba4 28.Nf3 h6
29.Rb4 Bd1 30.c4 Bxf3 31.gxf3 Bxe5 32.c5 Rc8 33.f4 Bc3 34.Rb5 Bd2  0-1

[Event "TCh-NOR 2006-7"]
[Site "Oslo NOR"]
[Date "2006.11.12"]
[Round "3"]
[White "Gabrielsen,T"]
[Black "Lundeby,O"]
[Result "1-0"]
[WhiteElo "2262"]
[BlackElo "2198"]

1.e4 e6 2.d4 d5 3.Nc3 Nf6 4.e5 Nfd7 5.f4 c5 6.Nf3 Nc6 7.Be3 a6 8.Qd2 b5 9.a3 Be7
10.Bd3 c4 11.Be2 b4 12.axb4 Bxb4 13.O-O f5 14.Qe1 Nb6 15.Qg3 O-O 16.Qh3 Bd7
17.g4 fxg4 18.Qxg4 Bxc3 19.bxc3 Ne7 20.Nh4 Nf5 21.Bf2 Nc8 22.Nxf5 exf5 23.Qg2 Nb6
24.Kh1 a5 25.Rg1 g6 26.Qh3 Be6 27.Bh4 Qe8 28.Rg2 Nd7 29.Rag1 Kf7 30.Bg5 Rh8
31.Ra1 a4 32.Rgg1 a3 33.Ra2 Ra7 34.Rga1 Qb8 35.Qf1 h6 36.Bh4 Rc8 37.Qc1 Rcc7
38.Rxa3 Rxa3 39.Qxa3 Qf8 40.Qa5 Rc8 41.Bf3 g5 42.fxg5 hxg5 43.Bh5+ Kg7 44.Bxg5 Qh8
45.Bf3 Qh3 46.Bg2 Qh5 47.Rg1 Kh7 48.Qa6 Re8 49.Bc1 Qf7 50.Bf4 Rg8 51.Qa1 Rg4
52.Qf1 Nf8 53.Bf3 Rxg1+ 54.Kxg1 Qg6+ 55.Kf2 Kg8 56.Qh1 Qf7 57.Qg2+ Kh8 58.Qh3+ Qh7
59.Qg2 Qf7 60.Qg5 Nh7 61.Qh6 Qe7 62.h4 Kg8 63.Qg6+ Kh8 64.Bg5 Nxg5 65.hxg5 Qf7
66.Qh6+ Kg8 67.Bh5 Qe7 68.Qg6+ Kf8 69.Qf6+  1-0

[Event "Open"]
[Site "Liberec CZE"]
[Date "2006.11.14"]
[Round "4"]
[White "Sott,P"]
[Black "Simon,Petr"]
[Result "1-0"]
[WhiteElo "2121"]
[BlackElo "1954"]

1.e4 e6 2.d4 d5 3.Nc3 Nf6 4.e5 Nfd7 5.f4 c5 6.Nf3 Nc6 7.Be3 cxd4 8.Nxd4 Nxd4
9.Bxd4 Bb4 10.Qg4 Kf8 11.Bd3 Nc5 12.O-O-O Bd7 13.a3 Nxd3+ 14.Rxd3 Be7 15.Nxd5 h5
16.Qg3 Bh4 17.Bc5+ Kg8 18.Nf6+ Qxf6 19.exf6 Bxg3 20.Rxg3 g6 21.Rd3 Bc6 22.Rg1 a6
23.g3 Kh7 24.Be7 Rac8 25.c3 Kh6 26.h4 Bd5 27.Kd2 Rhe8 28.Ke3 Rc7 29.Rgd1 Rexe7
30.fxe7 Rxe7 31.Kd4 f6 32.c4 Bc6 33.Re1 Kg7 34.Rde3 Kf7 35.Kc5  1-0

[Event "RGSU GM"]
[Site "Moscow RUS"]
[Date "2006.11.14"]
[Round "9"]
[White "Mongontuul,B"]
[Black "Tairova,E"]
[Result "0-1"]
[WhiteElo "2383"]
[BlackElo "2415"]

1.e4 e6 2.d4 d5 3.Nc3 Nf6 4.e5 Nfd7 5.f4 c5 6.Nf3 Nc6 7.Be3 cxd4 8.Nxd4 Bc5
9.Qd2 O-O 10.O-O-O a6 11.Kb1 Nxd4 12.Bxd4 b5 13.Qe3 Qb6 14.Ne2 Bb7 15.g4 b4
16.Bg2 Rac8 17.Rhe1 Rfe8 18.h4 a5 19.h5 a4 20.Bf3 Ba6 21.Bxc5 Qxc5 22.Nd4 Nb6
23.b3 Qa5 24.f5 Rc3 25.Qf4 axb3 26.cxb3 Ra8 27.Rd2 Bd3+ 28.Ka1 Bc2 29.a4 Nxa4
30.Rxc2 Nc5+  0-1

[Event "1st GMA Cup"]
[Site "Manila PHI"]
[Date "2006.11.18"]
[Round "3"]
[White "Belov,Vl"]
[Black "Zhou Weiqi"]
[Result "1-0"]
[WhiteElo "2589"]
[BlackElo "2435"]

1.e4 e6 2.d4 d5 3.Nc3 Nf6 4.e5 Nfd7 5.f4 c5 6.Nf3 Nc6 7.Be3 Be7 8.Qd2 O-O
9.g3 a6 10.a3 b5 11.Bh3 Qb6 12.Ne2 f5 13.g4  1-0

[Event "TCh-FIN 2006-7"]
[Site "Tampere FIN"]
[Date "2006.11.18"]
[Round "4"]
[White "Herranen,M"]
[Black "Kytoniemi,J"]
[Result "0-1"]
[WhiteElo "2012"]
[BlackElo "2265"]

1.e4 e6 2.d4 d5 3.Nc3 Nf6 4.e5 Nfd7 5.f4 c5 6.Nf3 Nc6 7.Be3 a6 8.Qd2 b5 9.a3 Qa5
10.Ra2 Qb6 11.Ne2 f5 12.dxc5 Bxc5 13.Ned4 b4 14.axb4 Nxb4 15.Ra1 Rb8 16.c3 Nc6
17.Rb1 a5 18.Bd3 O-O 19.O-O Nxd4 20.Bxd4 Bxd4+ 21.cxd4 h6 22.Rf2 Ba6 23.Ra1 Bxd3
24.Qxd3 Rfc8 25.g3 Qb5 26.Qa3 Ra8 27.Qa4 Qxa4 28.Rxa4 Nb6 29.Ra3 a4 30.Nd2 Rc1+
31.Kg2 Rac8 32.Kf3 R8c2 33.Ra2 Rd1 34.Nf1 Rxf2+ 35.Kxf2 Rxd4 36.Ke3 Rb4 37.Nd2 Nc4+
38.Nxc4 Rxc4 39.Kd3 g5  0-1

[Event "1st GMA Cup"]
[Site "Manila PHI"]
[Date "2006.11.20"]
[Round "6"]
[White "Wang Li"]
[Black "Roca,P"]
[Result "1/2-1/2"]
[WhiteElo "2226"]
[BlackElo "2408"]

1.e4 e6 2.d4 d5 3.Nc3 Nf6 4.e5 Nfd7 5.f4 c5 6.Nf3 Nc6 7.Be3 a6 8.Qd2 b5 9.a3 Bb7
10.Ne2 Qc7 11.g3 Be7 12.Bg2 h5 13.h4 g6 14.O-O c4 15.Bh3 Nb6 16.Kg2 Bc8 17.Rh1 Bd7
18.Bf2 Na4 19.b3 Nb6 20.Qe3 O-O-O 21.Be1 Kb7 22.Bd2 Ka7 23.Rhb1 Rb8 24.Kh2 Rhc8
25.Bf1 Rb7 26.Nc3 Kb8 27.Nd1 Qd8 28.Ra2 Qf8 29.Rba1  1/2-1/2

[Event "1st GMA Cup"]
[Site "Manila PHI"]
[Date "2006.11.22"]
[Round "8"]
[White "Nolte,R"]
[Black "Zhou Weiqi"]
[Result "0-1"]
[WhiteElo "2410"]
[BlackElo "2435"]

1.e4 e6 2.d4 d5 3.Nc3 Nf6 4.e5 Nfd7 5.f4 c5 6.Nf3 Nc6 7.Be3 Be7 8.Qd2 O-O
9.Be2 a6 10.O-O b5 11.Nd1 b4 12.Nf2 Qb6 13.dxc5 Bxc5 14.Bxc5 Nxc5 15.Bd3 Nxd3
16.cxd3 Nd4 17.Ne1 Bd7 18.Kh1 Rac8 19.Ng4 Qc5 20.Ne3 Bb5 21.h3 a5 22.Rf2 h6
23.Kh2 Rc7 24.f5 exf5 25.Nxf5 Re8 26.Rd1 Nxf5 27.Rxf5 Rec8 28.Qf4 Qe7 29.Qd4 Rc1
30.Rxc1 Rxc1 31.Nf3 Bd7 32.Rh5 Be6 33.Qb6 Qc7 34.Qb5 Kf8 35.Qa6 Bc8 36.Qa8 Rc5
37.a4 Qb7 38.Qxb7 Bxb7 39.Nd4 Bc6 40.Rf5 Ke7 41.Nb3 Rc2 42.Nd4 Rc1 43.b3 Bd7
44.Rf3 Re1 45.Rg3 g6 46.e6 Bxe6 47.Nc6+ Kd6 48.Nxa5 Kc7 49.Rf3 Kb6 50.Nb7 Kxb7
51.Rf4 Kc7 52.Rxb4 d4 53.Rxd4 Bxb3 54.Rb4 Bd5 55.Rb5 Bc6 56.Rb2 Ra1 57.Rc2 Kb7
58.Rf2 Bd5 59.Rb2+ Kc6  0-1

[Event "73rd ch-BRA"]
[Site "Guarulhos BRA"]
[Date "2006.11.27"]
[Round "5"]
[White "Vescovi,G"]
[Black "Pelikian,J"]
[Result "1-0"]
[WhiteElo "2592"]
[BlackElo "2385"]

1.e4 e6 2.d4 d5 3.Nc3 Nf6 4.e5 Nfd7 5.f4 c5 6.Nf3 Nc6 7.Be3 a6 8.Qd2 b5 9.f5 cxd4
10.Nxd4 Nxd4 11.Bxd4 Bc5 12.O-O-O Bxd4 13.Qxd4 Qg5+ 14.Kb1 O-O 15.Bd3 Bb7
16.h4 Qe7 17.Rde1 exf5 18.Bxf5 Nc5 19.h5 h6 20.g4 Ne6 21.Bxe6 fxe6 22.Rhg1 Rac8
23.g5 hxg5 24.Nd1 Rf4 25.Qd2 d4 26.Nf2 Rf5 27.Nh3 Bf3 28.Nxg5 Bxh5 29.Ne4 Rcf8
30.Qxd4 Rf4 31.Qe3 Rf3 32.Qh6  1-0

[Event "90th ch-Marshall CC"]
[Site "New York USA"]
[Date "2006.12.01"]
[Round "1"]
[White "Pearson,M"]
[Black "Izoria,Z"]
[Result "0-1"]
[WhiteElo "2187"]
[BlackElo "2657"]

1.e4 e6 2.d4 d5 3.Nc3 Nf6 4.e5 Nfd7 5.Nce2 c5 6.f4 cxd4 7.Nxd4 Nc6 8.Ngf3 Be7
9.Be3 O-O 10.Qe2 Nc5 11.O-O-O Bd7 12.Kb1 Rc8 13.g4 Na4 14.f5 Nxd4 15.Nxd4 exf5
16.gxf5 Ba3 17.e6 fxe6 18.fxe6 Be8 19.Bc1 Qb6 20.Nb3 Rf2 21.Qe5 Rcxc2 22.e7 Bxb2
23.Qxd5+ Kh8 24.Bd2 Rcxd2 25.Rxd2 Nc3+ 26.Kxb2 Nxd5  0-1

[Event "FSIM December"]
[Site "Budapest HUN"]
[Date "2006.12.02"]
[Round "1"]
[White "Horvath,And"]
[Black "Balog,I1"]
[Result "0-1"]
[WhiteElo "2305"]
[BlackElo "2330"]

1.e4 e6 2.d4 d5 3.Nc3 Nf6 4.e5 Nfd7 5.f4 c5 6.Nf3 Nc6 7.Be3 a6 8.Qd2 g6 9.O-O-O c4
10.Re1 b5 11.Kd1 Qa5 12.Ke2 b4 13.Nd1 Bb7 14.Kf2 Qxa2 15.Be2 a5 16.g4 Ne7
17.Kg2 Qa4 18.Nf2 Qc6 19.Ra1 f6 20.exf6 Nxf6 21.Ne5 Qc7 22.g5 Nd7 23.Nxd7 Kxd7
24.Ng4 Bg7 25.c3 Nf5 26.Bf2 b3 27.Bf3 a4 28.Ra3 Bf8 29.Ne5+ Kc8 30.Rha1 Bxa3
31.Rxa3 Nd6 32.Bg4 Re8 33.Bg3 Qe7 34.Ra1 Ne4  0-1

[Event "XV Asiad Men's Rapid"]
[Site "Doha QAT"]
[Date "2006.12.03"]
[Round "5"]
[White "Nguyen Anh Dung"]
[Black "Reefat,S"]
[Result "1-0"]
[WhiteElo "2541"]
[BlackElo "2489"]

1.e4 e6 2.d4 d5 3.Nc3 Nf6 4.e5 Nfd7 5.f4 c5 6.Nf3 Nc6 7.Be3 a6 8.Qd2 b5 9.Be2 Qb6
10.O-O cxd4 11.Nxd4 Bc5 12.Rfd1 g5 13.g3 gxf4 14.gxf4 Bb7 15.Bh5 Rg8+ 16.Kh1 Nxd4
17.Bxd4 Bxd4 18.Qxd4 Rc8 19.Ne4 Rxc2 20.Nf6+ Kd8 21.Nxg8 Qc7 22.Nh6 Rc4 23.Nxf7+ Ke7
24.Qf2 Kf8 25.Rd4 Nc5 26.Ng5 Ke7 27.Rad1  1-0

[Event "ch-RUS w"]
[Site "Gorodets RUS"]
[Date "2006.12.03"]
[Round "3"]
[White "Kosintseva,T"]
[Black "Matveeva,S"]
[Result "1-0"]
[WhiteElo "2458"]
[BlackElo "2415"]

1.e4 e6 2.d4 d5 3.Nc3 Nf6 4.e5 Nfd7 5.f4 c5 6.Nf3 Nc6 7.Be3 Rb8 8.Be2 cxd4
9.Nxd4 Bc5 10.Qd2 O-O 11.O-O Nxd4 12.Bxd4 Qb6 13.Nb5 a6 14.b4 Bxd4+ 15.Nxd4 Re8
16.a4 Nf8 17.a5 Qd8 18.b5 axb5 19.Nxb5 Re7 20.Qd4 Bd7 21.Nd6 Bc6 22.Bf3 Ra8
23.Qb4 f6 24.exf6 gxf6 25.c4 dxc4 26.Bxc6 bxc6 27.f5 c5 28.Qxc5 Rc7 29.Qb6 Rb8
30.Qd4 Rd7 31.Rfd1 c3 32.Qxc3 Ra8 33.Ra4 Rg7 34.fxe6 Nxe6 35.Qb3  1-0

[Event "XV Asiad Men's Rapid"]
[Site "Doha QAT"]
[Date "2006.12.04"]
[Round "8"]
[White "Kojima,S"]
[Black "Anuruddha,G"]
[Result "0-1"]
[WhiteElo "2187"]
[BlackElo "2204"]

1.e4 e6 2.d4 d5 3.Nc3 Nf6 4.e5 Nfd7 5.f4 c5 6.Nf3 Nc6 7.Be3 Qa5 8.Qd2 a6
9.a3 c4 10.Be2 b5 11.O-O Qc7 12.f5 Nb6 13.fxe6 Bxe6 14.Ng5 Nd8 15.Rf2 Be7
16.Nxe6 Nxe6 17.Raf1 O-O 18.Bg4 Qc6 19.Ne2 a5 20.Ng3 c3 21.bxc3 Nc4 22.Qe2 Bxa3
23.Nf5 Ra7 24.Rf3 Rfa8 25.Rg3 Kh8 26.Rh3 Bf8 27.Qd3 g6 28.Bh6 a4 29.Bxf8 Nxf8
30.Nh6 a3 31.Rhf3 a2 32.Ra1 Kg7 33.Rf6 Qe8 34.Qh3 Re7 35.Bf3 Nxe5 36.dxe5 Rxe5
37.Rxf7+ Kh8 38.Qg3 Qe6 39.Re7 Qb6+ 40.Kh1 Rxe7 41.Bxd5 Rae8 42.Bxa2 Qe3
43.Qxe3 Rxe3 44.h3 Kg7 45.Ng4 Rxc3 46.Bb3 Re7 47.Ra5 Rc5 48.Nf2 Rf5 49.Nd3 Ne6
50.Ra8 Rf8 51.Ra5 Nd4 52.Bd5 Rf5 53.Nb4 Nxc2  0-1

[Event "XV Asiad Men's Rapid"]
[Site "Doha QAT"]
[Date "2006.12.04"]
[Round "9"]
[White "Megaranto,S"]
[Black "Batchuluun,C"]
[Result "1-0"]
[WhiteElo "2492"]
[BlackElo "2404"]

1.e4 e6 2.d4 d5 3.Nc3 Nf6 4.e5 Nfd7 5.f4 c5 6.Nf3 Nc6 7.Be3 cxd4 8.Nxd4 Bc5
9.Qd2 O-O 10.O-O-O a6 11.h4 Nxd4 12.Bxd4 b5 13.h5 b4 14.Ne2 a5 15.g4 Ba6
16.g5 Bxe2 17.Bxe2 Qb6 18.g6 fxg6 19.hxg6 h6 20.Bg4 a4 21.Rh3 Rac8 22.Kb1 Rc6
23.f5 Bxd4 24.fxe6 Rxe6 25.Bxe6+ Qxe6 26.Qxd4 Qxh3 27.Qxd5+ Kh8 28.e6 Nf6
29.e7 Re8 30.Qf7 Qe3 31.Qf8+ Rxf8 32.exf8=Q+ Ng8 33.Qxg8+  1-0

[Event "ch-RUS w"]
[Site "Gorodets RUS"]
[Date "2006.12.08"]
[Round "7"]
[White "Kosintseva,N"]
[Black "Matveeva,S"]
[Result "1/2-1/2"]
[WhiteElo "2493"]
[BlackElo "2415"]

1.e4 e6 2.d4 d5 3.Nc3 Nf6 4.e5 Nfd7 5.f4 c5 6.Nf3 Nc6 7.Be3 Rb8 8.Be2 cxd4
9.Nxd4 Bc5 10.Qd2 a6 11.O-O O-O 12.Nd1 Qe7 13.Nf2 f6 14.exf6 Nxf6 15.Rae1 Bd7
16.c3 Rbc8 17.Bf3 Bd6 18.Nxc6 bxc6 19.Bd4 c5 20.Be5 Bb5 21.Be2 Bxe5 22.fxe5 Nd7
23.Bxb5 axb5 24.Nd3 Rxf1+ 25.Rxf1 Rf8 26.Rxf8+ Qxf8 27.Qg5 h6 28.Qg4 Qf7
29.b3 c4 30.Nf4 Nf8 31.h4 Qa7+ 32.Kh2 Qe3 33.Nxe6 Qxe5+ 34.Nf4 Ng6 35.Qxg6 Qxf4+
36.Kh3 Qe3+ 37.g3 cxb3 38.axb3 b4 39.cxb4 Qxb3 40.Qe6+ Kh7 41.Qf5+ Kh8 42.Qf8+ Kh7
43.Qf5+ Kh8 44.Qf8+  1/2-1/2

[Event "ch-RUS w"]
[Site "Gorodets RUS"]
[Date "2006.12.09"]
[Round "8"]
[White "Shadrina,T"]
[Black "Tairova,E"]
[Result "1-0"]
[WhiteElo "2396"]
[BlackElo "2415"]

1.e4 e6 2.d4 d5 3.Nc3 Nf6 4.e5 Nfd7 5.f4 c5 6.Nf3 Nc6 7.Be3 cxd4 8.Nxd4 Bc5
9.Qd2 O-O 10.O-O-O a6 11.h4 Nxd4 12.Bxd4 b5 13.h5 b4 14.Na4 Bxd4 15.Qxd4 Qa5
16.b3 Bb7 17.Kb1 Bc6 18.Nb2 Qb6 19.h6 g6 20.Qxb6 Nxb6 21.Rd4 a5 22.Rh3 f6
23.Re3 fxe5 24.Rxe5 Rf6 25.g3 Nd7 26.Re1 Nc5 27.Bg2 Nb7 28.Nd3 Rc8 29.Bh3 Re8
30.Ne5 Bb5 31.c3 Rc8 32.cxb4 axb4 33.Rxb4 Nd6 34.a4 Be8 35.Rc1 Rd8 36.Rc7 Nf7
37.a5 d4 38.a6 g5 39.a7 Nxe5 40.fxe5 Bg6+ 41.Kc1 Rff8 42.Bxe6+ Kh8 43.Bd7 d3
44.Rd4 Rf2 45.e6 Re2 46.Rc8 Rxc8+ 47.Bxc8 Rc2+ 48.Kd1 Rxc8 49.e7 Bh5+ 50.g4 Bxg4+
51.Rxg4 Kg8 52.Rd4  1-0

[Event "XV Asiad Classical"]
[Site "Doha QAT"]
[Date "2006.12.10"]
[Round "5"]
[White "Samhouri,A"]
[Black "Batchuluun,C"]
[Result "0-1"]
[WhiteElo "2336"]
[BlackElo "2404"]

1.e4 e6 2.d4 d5 3.Nc3 Nf6 4.e5 Nfd7 5.f4 c5 6.Nf3 Nc6 7.Be3 cxd4 8.Nxd4 Bc5
9.Qd2 O-O 10.O-O-O a6 11.h4 Nxd4 12.Bxd4 b5 13.h5 b4 14.Ne2 a5 15.g4 Ba6
16.Rh3 Bxe2 17.Bxe2 Qb6 18.Bxc5 Nxc5 19.f5 Qc7 20.Qd4 Rac8 21.Kb1 Nd7 22.c3 bxc3
23.Rxc3 Qxe5 24.Qxe5 Nxe5 25.Re3 Nc4 26.Bxc4 Rxc4 27.fxe6 fxe6 28.Rxe6 Rxg4
29.Rxd5 Rg1+ 30.Kc2 Rg2+ 31.Kd3 Rxb2 32.Rxa5 Rh2 33.Re7 Rh3+ 34.Ke4 Rh4+
35.Ke3 Rh3+ 36.Ke4 h6 37.Raa7 Rh4+ 38.Ke3 Rh3+ 39.Ke4 Rh4+ 40.Ke3 Rg4 41.Re5 Kh7
42.a4 Rf1 43.Rb5 Ra1 44.Kf3 Rc4 45.Re5 Ra3+ 46.Ke2 Rc2+ 47.Kf1 Ra1+ 48.Re1 Rxe1+
49.Kxe1 Rc5 50.Kf2 Rxh5 51.Ke3 Rh4 52.a5 Ra4 53.a6 Kg6 54.Ra8 h5 55.Kf3 Kg5
56.Kg2 Kg4 57.a7 h4  0-1

[Event "ch-RUS w"]
[Site "Gorodets RUS"]
[Date "2006.12.11"]
[Round "10"]
[White "Shadrina,T"]
[Black "Matveeva,S"]
[Result "1/2-1/2"]
[WhiteElo "2396"]
[BlackElo "2415"]

1.e4 e6 2.d4 d5 3.Nc3 Nf6 4.e5 Nfd7 5.f4 c5 6.Nf3 Nc6 7.Be3 Rb8 8.Qd2 Qa5
9.dxc5 Bxc5 10.Bxc5 Nxc5 11.Bd3 b5 12.O-O b4 13.Ne2 Ba6 14.Qe3 Qb6 15.Ned4 Nxd4
16.Nxd4 O-O 17.Rf3 f5 18.exf6 Rxf6 19.Kh1 Ne4 20.Kg1 Rbf8 21.Ne2 Qb7 22.Ng3 Bxd3
23.cxd3 Nxg3 24.hxg3 Rc8 25.Rf2 Qb6 26.Re1 Qxe3 27.Rxe3 Rc1+ 28.Rf1 Rc2 29.Rf2 Rc1+
30.Rf1 Rc2 31.Rf2 Rc1+  1/2-1/2

[Event "22nd Voivoda Cup"]
[Site "Legnica POL"]
[Date "2006.12.11"]
[Round "5"]
[White "Talla,V"]
[Black "Owczarzak,J"]
[Result "1-0"]
[WhiteElo "2413"]
[BlackElo "2387"]

1.e4 e6 2.d4 d5 3.Nc3 Nf6 4.e5 Nfd7 5.f4 c5 6.Nf3 a6 7.Be3 Qb6 8.a3 Qa7 9.Qd2 b5
10.dxc5 Bxc5 11.Bxc5 Nxc5 12.Bd3 Bb7 13.Qf2 Nbd7 14.O-O O-O 15.Rae1 Nxd3
16.cxd3 Nc5 17.Rd1 Na4 18.Nxa4 bxa4 19.Qxa7 Rxa7 20.Nd4 Bc8 21.Rfe1 Rb7 22.Rd2 Bd7
23.Kf2 Rfb8 24.Ree2 Kf8 25.Rc2 Ke7 26.Ke1 h5 27.h4 Kd8 28.Kd1 Rc7 29.Kc1 Bb5
30.Rxc7 Kxc7 31.Rc2+ Kb6 32.Kd2 Bd7 33.Ke3 f5 34.Kd2 Rc8 35.Rc3 Rxc3 36.bxc3 Kc5
37.Nf3 Bc8 38.Ke3 Bd7 39.Ng5 Bc8 40.Nh7 Bd7 41.Ng5 Bc8 42.Nf7 Bd7 43.Nd6 Bb5
44.Kd2 Bc6 45.d4+ Kb6 46.c4 Kc7 47.cxd5 Bxd5 48.Ne8+ Kc6 49.Nxg7 Bxg2 50.Nxh5 Kd5
51.Nf6+  1-0

[Event "6th Amplico AIG Life"]
[Site "Warsaw POL"]
[Date "2006.12.16"]
[Round "3"]
[White "Dworakowska,J"]
[Black "Malakhatko,V"]
[Result "0-1"]
[WhiteElo "2372"]
[BlackElo "2617"]

1.e4 e6 2.d4 d5 3.Nc3 Nf6 4.e5 Nfd7 5.f4 c5 6.Nf3 Nc6 7.Be3 a6 8.Qd2 b5 9.dxc5 Bxc5
10.Bxc5 Nxc5 11.Qf2 Qb6 12.b4 Nd7 13.a4 Nxb4 14.Qd2 Bb7 15.axb5 Rc8 16.bxa6 Bxa6
17.Bxa6 Nxa6 18.Nd4 Nb4 19.Ra4 Qxd4 20.Qxd4 Nxc2+ 21.Kd2 Nxd4 22.Rxd4 O-O
23.Rb1 Rc7 24.Nb5 Rb7 25.Nc3 Rxb1 26.Nxb1 Rb8 27.Kc2 g5 28.g3 gxf4 29.gxf4 Ra8
30.Nc3 Ra1 31.Rd3 Rf1 32.Rg3+ Kh8 33.Ne2 Nf8 34.Kd3 Ng6 35.Ke3 h6 36.Rg4 Kh7
37.Ng3 Ra1 38.Nh5 Ra3+ 39.Kf2 Rh3 40.Nf6+ Kg7 41.Kg2 Rh4 42.Kg3 Rxg4+ 43.Kxg4 Ne7
44.h4 Nc6 45.Ne8+ Kg6 46.h5+ Kh7 47.Nf6+ Kg7 48.Ne8+ Kf8 49.Nf6 Nd4 50.Kg3 Nf5+
51.Kf3 Ng7 52.Ke3 Ne8 53.Ng4 Kg7 54.Kd4 f5 55.Ne3 Kf7 56.Nc2 Ng7 57.Nb4 Nxh5
58.Nd3 Ng3 59.Ke3 Ne4 60.Kf3 Ke7 61.Kg2 Kd7 62.Nb4 d4 63.Kf3 Nc5 64.Nc2 d3
65.Nb4 h5 66.Na2 Ne4 67.Nb4 d2 68.Ke2 h4 69.Nc2 h3 70.Ne3 h2  0-1

[Event "6th Amplico AIG Life Gp3"]
[Site "Warsaw POL"]
[Date "2006.12.17"]
[Round "1"]
[White "Macieja,B"]
[Black "Malakhatko,V"]
[Result "0-1"]
[WhiteElo "2622"]
[BlackElo "2617"]

1.e4 e6 2.d4 d5 3.Nc3 Nf6 4.e5 Nfd7 5.f4 c5 6.Nf3 Nc6 7.Be3 a6 8.Qd2 b5 9.dxc5 Bxc5
10.Bxc5 Nxc5 11.Nd4 Bb7 12.Nxc6 Bxc6 13.Qd4 Qb6 14.b4 Nd7 15.Qxb6 Nxb6 16.a3 g5
17.fxg5 Nd7 18.Ne2 Nxe5 19.Nd4 Bd7 20.Kd2 Ke7 21.Re1 Kd6 22.Nf3 Nxf3+ 23.gxf3 h6
24.gxh6 Rxh6 25.Re2 Rah8 26.f4 Bc6 27.h3 Rh4 28.Rf2 Rg8 29.Be2 Rg3 30.Bf1 d4
31.Rhh2 f5 32.Bd3 Rgxh3 33.Rxh3 Rxh3 34.Rf1 Be4 35.Rf2 Rh1 36.Bf1 Rg1 37.c3 dxc3+
38.Kxc3 Rg3+ 39.Kb2 e5 40.Rd2+ Ke6 41.fxe5 Kxe5 42.a4 bxa4 43.Bxa6 a3+ 44.Ka1 Rg1+
45.Ka2 Bd5+ 46.Rxd5+ Kxd5 47.b5 Kc5 48.Kxa3 f4  0-1

[Event "44th National A ch-IND"]
[Site "Atul IND"]
[Date "2006.12.19"]
[Round "2"]
[White "Deepan,C"]
[Black "Rathnakaran,K"]
[Result "1/2-1/2"]
[WhiteElo "2501"]
[BlackElo "2422"]

1.e4 e6 2.d4 d5 3.Nc3 Nf6 4.e5 Nfd7 5.f4 c5 6.Nf3 Nc6 7.Be3 a6 8.Qd2 b5 9.a3 Qb6
10.g3 Bb7 11.Ne2 b4 12.axb4 cxb4 13.b3 a5 14.h4 f5 15.h5 Be7 16.Bh3 Ba6 17.g4 g6
18.Kf2 Rf8 19.gxf5 gxf5 20.Rhg1 Rh8 21.Rg7 Bf8 22.Rg2 Na7 23.Ng5 Rc8 24.Ng3 Nb5
25.Nxe6 Qxe6 26.Nxf5 Kd8 27.Kg3 Qb6 28.Kh2 Rc6 29.Ng7 Na3 30.Rc1 Bc8 31.f5 Kc7
32.Ne6+ Kb8 33.Bg5 Rc3 34.Qf4 Ka8 35.Nxf8 Rxf8 36.e6 Nb8 37.e7 Re8 38.Bg4 Nb5
39.f6 Bxg4 40.Rxg4 Nd6 41.f7 Nxf7 42.Qxf7 Qd6+ 43.Qf4 Qe6 44.Rcg1 Nc6 45.R1g2 Nxe7
46.Bxe7 Rxe7 47.Rg8+ Ka7 48.R8g4 Rec7 49.Qe5 Qxe5+ 50.dxe5 Rxc2 51.Rxc2 Rxc2+
52.Kg3 Re2 53.Rg7+ Kb6 54.Kf4 a4 55.bxa4 b3 56.Rg8 Re4+ 57.Kf5 Rb4 58.Rg1 b2
59.Rb1 Kc5 60.e6 Kd6 61.Kf6 Rf4+ 62.Kg7 Rxa4  1/2-1/2

[Event "13th Int"]
[Site "Tuzla BIH"]
[Date "2006.12.24"]
[Round "3"]
[White "Budimir,Bor"]
[Black "Rosic,S1"]
[Result "0-1"]
[WhiteElo "2319"]
[BlackElo "2307"]

1.e4 e6 2.d4 d5 3.Nc3 Nf6 4.e5 Nfd7 5.f4 c5 6.Nf3 Nc6 7.Be3 Qb6 8.Na4 Qa5+
9.c3 b6 10.Bd2 c4 11.b3 b5 12.Nb2 Ba3 13.Qc2 Qc7 14.Nd1 a5 15.bxc4 dxc4 16.f5 exf5
17.Qxf5 Nb6 18.Qg5 O-O 19.Be2 Nd5 20.O-O Be6 21.Qh5 Be7 22.Nf2 b4 23.Ne4 bxc3
24.Nxc3 Nxc3 25.Bxc3 Nb4 26.Ng5 Bxg5 27.Qxg5 Rad8 28.Qd2 Qa7 29.Rad1 Nc6
30.Qe3 Bd5 31.Kh1 Qb6 32.Bf3 Ne7 33.Qe1 Bxf3 34.Rxf3 Rd5 35.Qh4 Ng6 36.Qe4 Qe6
37.Rdf1 Rb5 38.a4 Qd5 39.Qxd5 Rxd5 40.Rb1 Rfd8 41.h3 Nh4 42.Rf2 g6 43.g4 g5
44.Rb7 R8d7 45.Rb8+ Kg7 46.Ra8 Ng6 47.Bxa5 Rxd4 48.Bc3 Rd1+ 49.Kh2 R7d3 50.Bb4 c3
51.Rc8 R1d2 52.Kg1 Rd1+ 53.Kh2 Rc1 54.a5 h6 55.e6 Nf4  0-1

[Event "27th Open A"]
[Site "Bethune FRA"]
[Date "2006.12.26"]
[Round "2"]
[White "Petit,Ro"]
[Black "Roger,M"]
[Result "0-1"]
[WhiteElo "1763"]
[BlackElo "2212"]

1.e4 e6 2.d4 d5 3.Nc3 Nf6 4.e5 Nfd7 5.f4 c5 6.Nf3 Nc6 7.Be3 cxd4 8.Nxd4 Bc5
9.Qd2 a6 10.Be2 Nxd4 11.Bxd4 Qc7 12.Qe3 O-O 13.O-O b5 14.a3 Bb7 15.Bd3 Bxd4
16.Qxd4 Rfc8 17.Rae1 Qc5 18.Ne2 g6 19.g4 Re8 20.Qxc5 Nxc5 21.Nd4 Ne4 22.Nb3 Rac8
23.Bxe4 dxe4 24.c3 Red8 25.Rf2 Rd3 26.Rd2 Rcd8 27.Rxd3 exd3 28.Kf2 d2 29.Rd1 Rd3
30.Nd4 Rh3 31.Kg1 Rh4 32.Rxd2 Rxg4+ 33.Kf1 Rxf4+ 34.Rf2 Re4 35.Re2 Rh4 36.Kg1 Bd5
37.Re3 Kg7 38.Nc2 Rg4+ 39.Rg3 Re4 40.Re3 Rg4+ 41.Rg3 Rf4 42.Re3 a5 43.Nd4 b4
44.axb4 axb4 45.Ne2 Rg4+ 46.Ng3 h5 47.h3 Rh4 48.Kh2 bxc3 49.bxc3 Ra4 50.Kg1  0-1

[Event "Harmonie"]
[Site "Groningen NED"]
[Date "2006.12.28"]
[Round "6"]
[White "Ragger,M"]
[Black "Hanley,C"]
[Result "1/2-1/2"]
[WhiteElo "2476"]
[BlackElo "2427"]

1.e4 e6 2.d4 d5 3.Nc3 Nf6 4.e5 Nfd7 5.f4 c5 6.Nf3 Nc6 7.Be3 a6 8.Qd2 b5 9.a3 g5
10.fxg5 cxd4 11.Nxd4 Ndxe5 12.Be2 Bb7 13.O-O Bg7 14.Nxc6 Bxc6 15.Bd4 Nc4
16.Qf4 Bxd4+ 17.Qxd4 Qb6 18.Qxb6  1/2-1/2

[Event "16th North American Open"]
[Site "Las Vegas USA"]
[Date "2006.12.28"]
[Round "4"]
[White "Liu,E"]
[Black "Bradford,J"]
[Result "1-0"]
[WhiteElo "2196"]
[BlackElo "2451"]

1.e4 e6 2.d4 d5 3.Nc3 Nf6 4.e5 Nfd7 5.f4 c5 6.Nf3 Nc6 7.Be3 a6 8.Qd2 g5 9.Ne2 g4
10.Nfg1 Rg8 11.h3 g3 12.Nf3 c4 13.f5 Ne7 14.fxe6 fxe6 15.Bg5 Qb6 16.c3 Nf5
17.h4 h6 18.Bf4 Rg4 19.Rh3 Be7 20.h5 Nf8 21.Nxg3 Rxf4 22.Qxf4 Qxb2 23.Rc1 Nxg3
24.Rxg3 Ba3 25.Rd1 Bd7 26.Qxh6 Qxc3+ 27.Qd2 Qxd2+ 28.Nxd2 Bb2 29.Nb1 b5 30.h6 b4
31.Rg8 O-O-O 32.g4 Ba4 33.Rd2 Bc1 34.g5  1-0

[Event "1st Hotel Bern Open"]
[Site "Bern SUI"]
[Date "2006.12.29"]
[Round "5"]
[White "Klein,Fe"]
[Black "Kolly,J"]
[Result "1-0"]
[WhiteElo "2189"]
[BlackElo "2227"]

1.e4 e6 2.d4 d5 3.Nc3 Nf6 4.e5 Nfd7 5.f4 c5 6.Nf3 Nc6 7.Be3 a6 8.Qd2 b5 9.a3 cxd4
10.Nxd4 Nxd4 11.Bxd4 Bc5 12.g3 Qb6 13.Ne2 Bb7 14.Bg2 O-O 15.O-O Rac8 16.h4 a5
17.b4 Bxd4+ 18.Nxd4 a4 19.c3 Ba6 20.Rf3 Nb8 21.Bf1 Nc6 22.Rd3 Rc7 23.Kf2 f6
24.exf6 e5 25.fxe5 Nxe5 26.Kg2 Nxd3 27.Bxd3 Rxf6 28.Re1 Rcf7 29.Qg5 Qd8 30.Kg1 Qd7
31.Re5 g6 32.h5 Qh3 33.Re8+ Rf8 34.Rxf8+ Rxf8 35.hxg6 h5 36.Qxd5+ Kh8 37.Qe5+ Kg8
38.Qd5+ Kh8 39.g7+ Kxg7 40.Qg5+ Kf7 41.Bg6+ Kg7 42.Bf5+  1-0

[Event "15th Donau Open"]
[Site "Aschach an der Donau AUT"]
[Date "2006.12.31"]
[Round "7"]
[White "Hiermann,D"]
[Black "Sadilek,P"]
[Result "0-1"]
[WhiteElo "2227"]
[BlackElo "2061"]

1.e4 e6 2.d4 d5 3.Nc3 Nf6 4.e5 Nfd7 5.f4 c5 6.Nf3 Nc6 7.Be3 a6 8.Qd2 cxd4
9.Nxd4 Bc5 10.O-O-O O-O 11.h4 Nxd4 12.Bxd4 b5 13.h5 Qc7 14.g4 Bb7 15.Ne2 b4
16.g5 a5 17.Bh3 Ra6 18.Bxc5 Nxc5 19.Nd4 Ne4 20.Qe3 a4 21.g6 a3 22.gxf7+ Qxf7
23.bxa3 Rxa3 24.Nb3 Rxa2 25.Rdf1 Rc8 26.Rh2 Ba6 27.Qb6 Bd3 28.Bxe6 Rcxc2+
29.Rxc2 Rxc2+ 30.Kb1 Nc3+  0-1

[Event "Australian Open"]
[Site "Tuggeranong AUS"]
[Date "2007.01.02"]
[Round "5"]
[White "Dizdarevic,M"]
[Black "Schon,E"]
[Result "1-0"]
[WhiteElo "2110"]
[BlackElo "1849"]

1.e4 e6 2.d4 d5 3.Nc3 Nf6 4.e5 Nfd7 5.f4 c5 6.Nf3 Nc6 7.Be3 cxd4 8.Nxd4 Bc5
9.Qd2 O-O 10.O-O-O a6 11.h4 Nxd4 12.Bxd4 b5 13.Rh3 b4 14.Na4 Bxd4 15.Qxd4 a5
16.Kb1 Ba6 17.Bxa6 Rxa6 18.b3 Qc7 19.Re3 Rc8 20.Rc1 Rc6 21.Re2 Nc5 22.Nxc5 Rxc5
23.f5 exf5 24.g4 fxg4 25.Qxg4 Re8 26.Rg1 g6 27.Rge1 Re6 28.h5 Rcc6 29.Qd4 Rc5
30.Rg1 Qb6 31.hxg6 fxg6 32.Rf1 Qb5 33.Qf2 Re8 34.Qf7+ Kh8 35.Rh1 h5 36.Rg2  1-0